Malaysia food business directory 2011/ 2012.
| Format: | Book |
|---|---|
| Published: |
Shah Alam:
Marshall Cavendish,
2011.
|
| Subjects: |
| LEADER | 00493cam a2200157 7i4500 | ||
|---|---|---|---|
| 001 | 0000026638 | ||
| 005 | 20110727090000.0 | ||
| 022 | 0 | 0 | |a 19850379 |
| 090 | 0 | 0 | |a P 641.3025 |b MAL |
| 245 | 0 | 0 | |a Malaysia food business directory 2011/ 2012. |
| 260 | 0 | 0 | |a Shah Alam: |b Marshall Cavendish, |c 2011. |
| 300 | # | # | |a 192 p. |
| 650 | 0 | 0 | |a Food -- |x Directories -- |z Malaysia |
| 650 | 0 | 0 | |a Beverages -- |x Directories -- |z Malaysia |
| 651 | 0 | 0 | |a Malaysia |
| 999 | |a 0000028807 |b Directories |c Products |e Business Information Centre | ||